| 000 | 00664cab a2200241 4500 | ||
|---|---|---|---|
| 001 | ABS47285 | ||
| 008 | 090401t1992 xxu||||| |||| 00| 0 eng d | ||
| 035 | _a(Sirsi) u61408 | ||
| 041 | _aeng | ||
| 100 | _aThomas, W. | ||
| 245 | _aCity of substance | ||
| 260 | _c1992 | ||
| 350 | _a0 | ||
| 490 |
_aEuroProperty _vOctober 1992, 36-40(5) |
||
| 520 | _aConsiders the property market in Hamburg which is ina strong geographical position to provide a link between Eastern and Western Europe. | ||
| 650 | _aEASTERN EUROPE | ||
| 650 | _aGERMANY | ||
| 650 | _aOFFICES | ||
| 650 | _aRENTS | ||
| 690 | _aOVERSEAS-EUROPE | ||
| 942 | _n0 | ||
| 948 | _c04/03/1997 | ||
| 999 |
_c38037 _d38037 |
||